000 00427nam a2200157 i 4500
001 134262
003 ES-MaACL
005 20230906194632.0
007 t|
008 070907s1920 ag ||||1| spa d
100 1 _aWast, Hugo.
_9116159
245 1 3 _aLa casa de los cuervos /
_cHugo Wast [seud.].
260 _aBuenos Aires :
_b[s.n.],
_c1920 (
_fImpr. Mercantil)
300 _a300 p. ;
_c19 cm.
852 _aES-MaACL
_jF-9569
999 _c134262
_d134262